000 00505nam a2200193Ia 4500
008 151121s9999||||xx |||||||||||||| ||und||
082 _a320।55/Roy
082 _bHNW-4977
100 _aRoy M।N।
245 _aGandhism : Nationalism : Socialism
260 _bBengal Radical Club।
260 _c--
300 _a130
600 _aRoy M।N।
630 _aGandhism : Nationalism : Socialism
700 _aRoy M।N।
730 _aGandhism : Nationalism : Socialism
942 _cBOOK
999 _c1212992
_d1212989